00969nam a2200229 a 4500001001000000003000900010005001700019008003100036040002600067082002700093245013400120260005500254300002100309490000600330500007400336650006600410650005000476650005000526650007200576700003600648710005500684000024321DO-SdBNP20221122093847.0110126s2007 dr r 000 0 spa d aDO-SdBNPbspacBPMSU  4a341.481bJ93s 200722204aLos jueces de la Suprema Corte de Justicia comentando los derechos individuales y sociales /cpresentación Jorge A. Subero Isa. aSanto Domingo :bSuprema Corte de Justicia,c2007. a180 p. ;c21 cm. a  3Incluye referencias bibliográficas y notas al pie de las páginas  4aDerechos económicos y socialesxEnsayos, conferencias, etc. 4aDerechos civilesxEnsayos, conferencias, etc. 4aDerechos humanosxEnsayos, conferencias, etc. 4aPoder judicialzRepública DominicanaxEnsayos, conferencias, etc.1 aSubero Isa, Jorge A.,dpresent.2 aSuprema Corte de Justicia (República Dominicana)